000 00654nam a2200217Ia 4500
005 20250508170205.0
008 008 250505s9999 xx 000 0 eng d
020 _a978-1-032-46848-8
037 _aTextBook
040 _aFEDL
_beng
_cFEDL
041 _aeng
_2eng
084 _a305.568 095 4, SUK
_qFEDL
100 _aSukumar N
245 0 _aCaste discrimination and exclusion in Indian universities:A critical reflection
260 _aLondon, UK
_bRoutledge
_c2023
300 _axx, 193p.
365 _aINR
_b13
546 _aFirst South Asia edition, 2023
942 _cTB
_h305.568 095 4, SUK
999 _c1399695
_d1399695